The struggle for Zimbambwe; (Record no. 131484)
[ view plain ]
| 000 -LEADER | |
|---|---|
| fixed length control field | 00579nam a22001697a 4500 |
| 008 - FIXED-LENGTH DATA ELEMENTS--GENERAL INFORMATION | |
| fixed length control field | 220520b |||||||| |||| 00| 0 eng d |
| 020 ## - INTERNATIONAL STANDARD BOOK NUMBER | |
| International Standard Book Number | 0949932000. |
| 050 ## - LIBRARY OF CONGRESS CALL NUMBER | |
| Classification number | DT962.75 |
| 100 ## - MAIN ENTRY--PERSONAL NAME | |
| Personal name | Martin, David and Johnson, Phyllis |
| 9 (RLIN) | 51735 |
| 245 ## - TITLE STATEMENT | |
| Title | The struggle for Zimbambwe; |
| Remainder of title | the chimurenga war |
| Statement of responsibility, etc | David, Martin and Phyllis, Johnson |
| 260 ## - PUBLICATION, DISTRIBUTION, ETC. (IMPRINT) | |
| Place of publication, distribution, etc | ZIMBAMWE: |
| Name of publisher, distributor, etc | Zimbambwe Publishing House; |
| Date of publication, distribution, etc | 1981. |
| 300 ## - PHYSICAL DESCRIPTION | |
| Extent | xvii,378p,; |
| Dimensions | 20cm. |
| 600 ## - SUBJECT ADDED ENTRY--PERSONAL NAME | |
| Personal name | Johnson, Phyllis |
| 9 (RLIN) | 23619 |
| 650 ## - SUBJECT ADDED ENTRY--TOPICAL TERM | |
| Topical term or geographic name as entry element | the struggle for zimbabwe |
| 9 (RLIN) | 51736 |
| 650 ## - SUBJECT ADDED ENTRY--TOPICAL TERM | |
| General subdivision | history |
| Geographic subdivision | Zimbabwe |
| 9 (RLIN) | 11000 |
| 942 ## - ADDED ENTRY ELEMENTS (KOHA) | |
| Source of classification or shelving scheme | Library of Congress Classification |
| Item type | Monograph ( Printed materials) |
| Withdrawn status | Lost status | Source of classification or shelving scheme | Damaged status | Not for loan | Collection code | Home library | Current library | Shelving location | Date acquired | Total Checkouts | Full call number | Barcode | Date last seen | Price effective from | Koha item type |
|---|---|---|---|---|---|---|---|---|---|---|---|---|---|---|---|
| Library of Congress Classification | Main Collection | ARRUPE LIBRARY | ARRUPE LIBRARY | Main Collection | 20/05/2022 | DT962.75 | 46600009255 | 20/05/2022 | 20/05/2022 | Monograph ( Printed materials) | |||||
| Library of Congress Classification | Main Collection | ARRUPE LIBRARY | ARRUPE LIBRARY | Main Collection | 08/02/2024 | DT962.75 | 46700000316 | 08/02/2024 | 08/02/2024 | Monograph ( Printed materials) |